| 000 | 03283nam a2200301Ia 4500 | ||
|---|---|---|---|
| 005 | 20141015140845.0 | ||
| 008 | 130821k16191620it fr 0 latsd | ||
| 040 |
_aCo-BoUCM _bspa _cSandra Yazo _dSandra Yazo |
||
| 041 | 0 | _alat | |
| 082 | 0 | 4 |
_a340.56 _220 |
| 092 | _aE23N027 | ||
| 100 | 1 |
_aFachinei, Andrea _dd. 1607 _965289 |
|
| 242 | 0 | 0 |
_aDiez libros de Controversias jurídicas _cAndrés Fachinei ;en los que se tratan, con brevedad y precisión, los principales temas judiciales, de contratos, de últimas voluntades, de materias feudales, de derecho penal y otros variados asuntos jurídicos. Se incluye el libro décimo, nunca editado hasta ahora. _pControversias jurídicas Tomo segundo. Incluye los libros XI, XII y XIII En los que se tratan, con brevedad y precisión, las principales temas judiciales, de contratos, de últimas voluntades, de materias feudales, de derecho penal y otros variados asuntos jurídicos. Se incluye el libro décimo, nunca editado hasta ahora _yspa |
| 245 | 1 | 0 |
_aAndreae Fachinei ... Controversiarum iuris libri decem: quibus omnes fere quaestiones praecipuae; ut sunt judiciales, contractuum. ultimarum voluntatum, feudales, criminales et alliae miscellaneae mira brevitate et perspicuitate discutiuntur ... Adiecto libro decimo numquan antehac edito ... _pAndreae Fachinei ... Controversiarum iuris Tomus Secundus. Continens libros XI, XII, XIII quibus omnes fere quaestiones praecipuae; ut sunt judiciales, contractuum. ultimarum voluntatum, feudales, criminales et alliae miscellaneae mira brevitate et perspicuitate discutiuntur |
| 250 | _aNunc secundo in Italia excusi cun additionibus, & Emerdationibus [Publicado por segunda vez en Italia con adiciones y correcciones] | ||
| 260 |
_aVenecia (Italia) _bApud Modestum Luntam de Modestis [Modesto Giunta de Modestis] _c1619 - 1620 |
||
| 300 | _a2 tomos en 1 volumen (56 páginas 1372 columnas ; 30 páginas 329 columnas) | ||
| 500 | _aDetalles físicos: 2 títulos en el volumen. Encuadernación flexible en pergamino, manchado y arrugado. Conserva guardas. Primera portada impresa a dos tintas con grabado de poca calidad, que representa en forma alegórica la realeza francesa, sobre el grabado anotación en latín, rotura y enmendadura sobre la misma, desprendida. Segunda portada a una sola tinta. Dedicatoria a Cristina de Lotaringia (Gran Duquesa de Etruria). Algunos adornos, cenefas y mayúsculas capitales de poca calidad, al principio. Versos latinos de elogio al autor y a su obra. Texto impreso en dos columnas muy densas. Párrafos marcados con letras. Signaturas y reclamos. V.1 al final colofón incompleto. V.2: fecha de publicación 1620, edición indica Nunc primun in lucem editio [Editado ahora por vez primera]. | ||
| 505 | 0 | _aControversias jurídicas, en trece libros. ; Conceptos jurídicos, razonados y sustentados, sobre temas distintos de Ambos Derechos | |
| 506 | _aConsulta en sala | ||
| 546 | _aTexto en latín | ||
| 650 | 7 |
_aDerecho civil _xObras anteriores a 1800 _929560 |
|
| 650 | 7 |
_aDerecho eclesiástico _xObras anteriores a 1800 _929561 |
|
| 650 | 7 |
_aDerecho _xConceptos _xObras anteriores a 1800 _931292 |
|
| 690 |
_942766 _aDerecho civil |
||
| 700 | 1 |
_aGiunta de Modestis, Modesto _965290 |
|
| 942 |
_cLIBRO _a8 _e1 _2LOCAL _hE23N027 |
||
| 999 |
_c39578 _d39578 |
||